Klasifikácia podnikov za najlepší a najhorší OKEČ priemyslu SR z hľadiska efektívnosti

Saved in:
Bibliographic Details
Main Author: Vojtková, Mária, 1966-
Format: Book Chapter
Language:Slovak
Tags: Add Tag
No Tags, Be the first to tag this record!

MARC

LEADER 00000naa$a2200000$$$4500
001 0123003
005 20240502072405.9
041 0 |a slo 
044 |a SK 
245 1 0 |a Klasifikácia podnikov za najlepší a najhorší OKEČ priemyslu SR z hľadiska efektívnosti  |c Mária Vojtková 
100 1 |a Vojtková, Mária, 1966-